| Tag |
First Indicator |
Second Indicator |
Subfields |
| LEADER |
00000cam a2200000 a 4500 |
| 001 |
in00000007180 |
| 005 |
20151005050043.0 |
| 008 |
860808s1986 gw ab b 00000 eng d |
| 020 |
|
|
|a 3540166459 (Berlin)
|
| 020 |
|
|
|a 0387166459 (N.Y.)
|
| 035 |
|
|
|a (OCoLC)14063514
|
| 035 |
|
|
|9 AAA1654AM
|
| 040 |
|
|
|a KUK
|c KUK
|d IAF
|d CLA
|d YAM
|d m/c
|d TXA
|d UtOrBLW
|
| 049 |
|
|
|a TXAM
|c [A12616513]
|
| 050 |
|
4 |
|a QC809.P3
|b P25 1986
|
| 245 |
0 |
0 |
|a Paleogeothermics :
|b evaluation of geothermal conditions in the geological past /
|c edited by Günter Buntebarth and Lajos Stegena.
|
| 264 |
|
1 |
|a Berlin ;
|a New York :
|b Springer-Verlag,
|c [1986]
|
| 264 |
|
4 |
|c ©1986
|
| 300 |
|
|
|a 228 pages :
|b illustrations, maps ; 25 cm.
|
| 336 |
|
|
|a text
|b txt
|2 rdacontent
|
| 337 |
|
|
|a unmediated
|b n
|2 rdamedia
|
| 338 |
|
|
|a volume
|b nc
|2 rdacarrier
|
| 490 |
1 |
|
|a Lecture notes in earth sciences ;
|v 5
|
| 504 |
|
|
|a Bibliography: pages [205]-228.
|
| 650 |
|
0 |
|a Paleogeophysics.
|
| 650 |
|
0 |
|a Terrestrial heat flow.
|
| 700 |
1 |
|
|a Buntebarth, G.
|q (Günter),
|d 1942-
|
| 700 |
1 |
|
|a Stegena, Lajos.
|
| 830 |
|
0 |
|a Lecture notes in earth sciences ;
|v 5.
|
| 999 |
|
|
|a MARS
|
| 999 |
f |
f |
|s 004c36c3-bac7-346f-b1cf-2bce5d85c38d
|i 4c61254b-1455-377d-8641-2b26c0818476
|t 0
|
| 952 |
f |
f |
|p ric
|a Texas A&M University
|b Rellis Campus
|c Joint Library Facility
|d Remote Storage
|t 0
|e QC809.P3 P25 1986
|h Library of Congress classification
|i unmediated -- volume
|m A14812616513
|
| 998 |
f |
f |
|a QC809.P3 P25 1986
|t 0
|l Remote Storage
|